000 00577nam a2200169Ia 4500
005 20250424120243.0
008 250424s9999 xx 000 0 und d
022 _a25507214
050 _aQA 75.5 .I46/
245 0 _aIlorin Journal of computer science and information technology
260 _aIlorin, Nigeria
260 _bFirst Bank
260 _c2020
300 _aiii, 21 p. :ill. ; 29 cm.
650 _aComputer science--Periodicals. Information technology--Security measures--Periodicals. Data protection--Periodicals. Security systems--Periodicals.
942 _cSR
999 _c38268
_d38268